Statistics for Random Countries by Longest Border

Click here to take the quiz!

General Stats

  • This quiz has been taken 89 times
  • The average score is 10 of 12

Answer Stats

Bordering CountryLength (Kilometers)Country% Correct
Pakistan2,670Afghanistan
100%
Morocco1,900Algeria
100%
Spain63Andorra
100%
Chile6,691Argentina
100%
Chile6,691Argentina
100%
Azerbaijan996Armenia
100%
India4,142Bangladesh
100%
Brazil3,403Bolivia
100%
Croatia956Bosnia and Herzegovina
100%
South Africa1,969Botswana
100%
South Africa1,969Botswana
100%
Bolivia3,403Brazil
100%
Tanzania589Burundi
100%
United States8,893Canada
100%
Democratic Republic of the Congo1,747Central African Republic
100%
Central African Republic1,556Chad
100%
Venezuela2,341Colombia
100%
Panama348Costa Rica
100%
Bosnia and Herzegovina956Croatia
100%
Poland796Czechia
100%
Angola2,646Democratic Republic of the Congo
100%
Indonesia253East Timor
100%
Peru1,529Ecuador
100%
Honduras391El Salvador
100%
South Africa438Eswatini
100%
Somalia1,640Ethiopia
100%
Austria801Germany
100%
Bulgaria472Greece
100%
Guinea421Guinea-Bissau
100%
Dominican Republic376Haiti
100%
Nicaragua940Honduras
100%
Malaysia1,881Indonesia
100%
Iraq1,599Iran
100%
Iran1,599Iraq
100%
Switzerland698Italy
100%
Russia7,644Kazakhstan
100%
Russia7,644Kazakhstan
100%
Ethiopia867Kenya
100%
Vietnam2,161Laos
100%
Lithuania544Latvia
100%
Ivory Coast778Liberia
100%
Belarus640Lithuania
100%
Mauritania2,236Mali
100%
Mali2,236Mauritania
100%
France6Monaco
100%
Algeria1,900Morocco
100%
Thailand2,416Myanmar
100%
Botswana1,544Namibia
100%
India1,770Nepal
100%
Germany575Netherlands
100%
Honduras940Nicaragua
100%
Nigeria1,608Niger
100%
Indonesia824Papua New Guinea
100%
Argentina1,180Paraguay
100%
Brazil2,659Peru
100%
Spain1,224Portugal
100%
Moldova683Romania
100%
Burundi315Rwanda
100%
Italy37San Marino
100%
The Gambia749Senegal
100%
Romania531Serbia
100%
Croatia600Slovenia
100%
Ethiopia1,640Somalia
100%
Portugal1,224Spain
100%
South Sudan2,158Sudan
100%
Guyana836Suriname
100%
Norway1,666Sweden
100%
Turkey899Syria
100%
Senegal749The Gambia
100%
Ghana1,098Togo
100%
Algeria1,034Tunisia
100%
Syria899Turkey
100%
Russia1,944Ukraine
100%
Canada8,893United States
100%
Brazil1,050Uruguay
100%
Colombia2,341Venezuela
100%
Laos2,161Vietnam
100%
Saudi Arabia1,307Yemen
100%
Guinea794Sierra Leone
67%
Democratic Republic of the Congo2,646Angola
50%
South Africa1,106Lesotho
50%
Malawi1,498Mozambique
50%
Democratic Republic of the Congo2,332Zambia
50%
Ethiopia1,033Eritrea
33%
Serbia366Kosovo
33%
Greece212Albania
0%
Germany801Austria
0%
Armenia996Azerbaijan
0%
Russia1,312Belarus
0%
France556Belgium
0%
Mexico276Belize
0%
Nigeria809Benin
0%
India659Bhutan
0%
Malaysia266Brunei
0%
Romania605Bulgaria
0%
Mali1,325Burkina Faso
0%
Vietnam1,158Cambodia
0%
Nigeria1,975Cameroon
0%
Mongolia4,630China
0%
Germany140Denmark
0%
Ethiopia342Djibouti
0%
Haiti376Dominican Republic
0%
Sudan1,276Egypt
0%
Gabon345Equatorial Guinea
0%
Latvia333Estonia
0%
Russia1,309Finland
0%
Brazil649France
0%
Republic of the Congo2,567Gabon
0%
Russia894Georgia
0%
Togo1,098Ghana
0%
Mexico958Guatemala
0%
Mali1,062Guinea
0%
Brazil1,308Guyana
0%
Slovakia627Hungary
0%
Bangladesh4,142India
0%
United Kingdom443Ireland
0%
Jordan330Israel
0%
Guinea816Ivory Coast
0%
Saudi Arabia731Jordan
0%
Iraq254Kuwait
0%
Uzbekistan1,314Kyrgyzstan
0%
Syria403Lebanon
0%
Egypt1,115Libya
0%
Switzerland41Liechtenstein
0%
Belgium130Luxembourg
0%
Mozambique1,498Malawi
0%
Indonesia1,881Malaysia
0%
United States3,155Mexico
0%
Ukraine1,221Moldova
0%
China4,630Mongolia
0%
Bosnia and Herzegovina242Montenegro
0%
Cameroon1,975Nigeria
0%
China1,352North Korea
0%
Greece234North Macedonia
0%
Sweden1,666Norway
0%
Saudi Arabia658Oman
0%
India3,190Pakistan
0%
Costa Rica348Panama
0%
Czechia796Poland
0%
Saudi Arabia87Qatar
0%
Yemen1,307Saudi Arabia
0%
Hungary627Slovakia
0%
North Korea237South Korea
0%
Sudan2,158South Sudan
0%
Italy698Switzerland
0%
Afghanistan1,357Tajikistan
0%
Mozambique840Tanzania
0%
Myanmar2,416Thailand
0%
Uzbekistan1,793Turkmenistan
0%
Democratic Republic of the Congo877Uganda
0%
Oman609United Arab Emirates
0%
Ireland443United Kingdom
0%
Kazakhstan2,330Uzbekistan
0%
Italy3Vatican City
0%
Mozambique1,402Zimbabwe
0%

Score Distribution

Percentile by Number Answered

Percent of People with Each Score

Your Score History

You have not taken this quiz